The Representation of Philip Marlowe's Masculinity in the Cinema

Elmentve itt :
Bibliográfiai részletek
Szerző: Szabó Flóra
További közreműködők: Kovács Ágnes Zsófia (Témavezető)
Dokumentumtípus: Szakdolgozat
Megjelent: 2014
Tárgyszavak:
Online Access:http://diploma.bibl.u-szeged.hu/52016
LEADER 00700nta a2200169 i 4500
001 dipl52016
005 20150613101851.0
008 150330s2014 hu om 0|| zxx d
040 |a SZTE Diploma Repozitórium  |b hun 
041 |a zxx 
100 1 |a Szabó Flóra 
245 1 4 |a The Representation of Philip Marlowe's Masculinity in the Cinema  |h [elektronikus dokumentum] /  |c Flóra Szabó 
246 1 0 |a The Representation of Philip Marlowe's Masculinity in the Cinema  |h [elektronikus dokumentum] 
260 |c 2014 
650 4 |a Bölcsészettudományok 
700 1 |a Kovács Ágnes Zsófia  |e ths 
856 4 0 |u http://diploma.bibl.u-szeged.hu/id/eprint/52016/1/2014_Szab%C3%B3_Fl%C3%B3ra_SZFTACB_SZE_SZ.pdf  |z Dokumentum-elérés